[Event "Bad Woerishofen sen"]
[Site "?"]
[Date "2002.??.??"]
[Round "1"]
[White "Moeckel, Edgar"]
[Black "Kaiser, Hans"]
[Result "1-0"]
[WhiteElo "2049"]
[BlackElo "1679"]
[Annotator "ChessOrg"]
[PlyCount "55"]

1. d4 Nf6 2. Nf3 e6 3. c4 b6 4. a3 Bb7 5. Nc3 d5 6. cxd5 Nxd5 7. e3 Nxc3 8.
bxc3 Bd6 9. Be2 O-O 10. O-O Nd7 11. Bb2 c5 12. a4 Qe7 13. Qb3 cxd4 14. cxd4 Bd5
15. Qd3 Rfc8 16. Rfc1 Nf6 17. Nd2 Qb7 18. f3 Rc7 19. e4 Bf4 20. exd5 Nxd5 21.
Rxc7 Qxc7 22. g3 Bxg3 23. hxg3 Qxg3+ 24. Kf1 Nf4 25. Qe4 Qg2+ 26. Ke1 Nd5 27.
Bd3 Qg1+ 28. Nf1 1-0

[Event "Bad Woerishofen sen"]
[Site "?"]
[Date "2002.??.??"]
[Round "1"]
[White "Vorderbruegge, Franz-Josef"]
[Black "Gudat, Alfons"]
[Result "1-0"]
[WhiteElo "1679"]
[BlackElo "2047"]
[Annotator "ChessOrg"]
[PlyCount "97"]

1. d4 f5 2. c4 Nf6 3. Nf3 d6 4. g3 g6 5. Bg2 Bg7 6. Nc3 c6 7. O-O O-O 8. Qc2
Qe8 9. Bf4 Nbd7 10. d5 Nc5 11. Nd2 a5 12. Rab1 Nh5 13. Be3 e5 14. Bxc5 dxc5 15.
dxc6 bxc6 16. Na4 e4 17. e3 Nf6 18. Nxc5 Qe7 19. Na4 Rb8 20. Nb3 Qb4 21. Nd4
Bd7 22. a3 Qe7 23. Rfd1 Ng4 24. Nc3 Ne5 25. Nce2 g5 26. Rd2 Nd3 27. Nc3 h5 28.
Nde2 Be5 29. Rdd1 Rf7 30. Nc1 Nc5 31. b4 axb4 32. axb4 Ne6 33. N1e2 Be8 34. b5
Qc5 35. Na4 Qe7 36. b6 Nc5 37. Nd4 Nd3 38. c5 h4 39. Qb3 hxg3 40. hxg3 Nxc5 41.
Nxc5 Qxc5 42. Nxf5 Kf8 43. Bxe4 Rf6 44. g4 Bf7 45. Qd3 Be6 46. Rdc1 Qa5 47.
Rxc6 Ba2 48. Rxf6+ Bxf6 49. Qd6+ 1-0

[Event "Bad Woerishofen sen"]
[Site "?"]
[Date "2002.??.??"]
[Round "1"]
[White "Kahler, Kurt"]
[Black "Greifzu, Helmut"]
[Result "1/2-1/2"]
[WhiteElo "1677"]
[BlackElo "2036"]
[Annotator "ChessOrg"]
[PlyCount "53"]

1. e4 e5 2. f4 exf4 3. Nf3 d5 4. exd5 Bd6 5. d4 Ne7 6. c4 Ng6 7. Bd3 b6 8. O-O
O-O 9. Qc2 Nd7 10. Nc3 Nf6 11. a3 a5 12. Nb5 Ng4 13. c5 Be7 14. Ne5 Bh4 15.
Nxg6 fxg6 16. Bxf4 Bf2+ 17. Rxf2 Nxf2 18. Qxf2 g5 19. Qc2 Rxf4 20. Bxh7+ Kh8
21. Re1 Ba6 22. g3 Rf6 23. Nc3 Qf8 24. Bd3 Bxd3 25. Qxd3 bxc5 26. Ne4 Rf3 27.
Qd1 1/2-1/2

[Event "Bad Woerishofen sen"]
[Site "?"]
[Date "2002.??.??"]
[Round "1"]
[White "Bierbach, Utz"]
[Black "Alefs, Heinz"]
[Result "1/2-1/2"]
[WhiteElo "2033"]
[BlackElo "1675"]
[Annotator "ChessOrg"]
[PlyCount "142"]

1. d4 Nf6 2. Nf3 e6 3. e3 c5 4. Bd3 cxd4 5. exd4 Be7 6. O-O O-O 7. Re1 d6 8.
Nbd2 Nbd7 9. Qe2 h6 10. c3 b6 11. Ne4 Bb7 12. Ng3 Rc8 13. Bf4 Nd5 14. Bd2 N7f6
15. c4 Nc7 16. d5 Re8 17. dxe6 Nxe6 18. Nf5 Bf8 19. Qd1 Nc5 20. Bf1 Be4 21. Ng3
Bh7 22. b4 Nce4 23. Nxe4 Bxe4 24. Bc3 Be7 25. Nd2 Bg6 26. Qf3 Qc7 27. Re3 Qc6
28. Qxc6 Rxc6 29. Bxf6 gxf6 30. Rae1 Kf8 31. c5 Bf5 32. Bb5 Bd7 33. Bxc6 Bxc6
34. cxb6 axb6 35. Nc4 b5 36. Na5 Bd5 37. a3 Be6 38. Nc6 Rc8 39. Nxe7 Kxe7 40.
h3 h5 41. f4 f5 42. R1e2 Rc4 43. g3 Kf6 44. Rd2 d5 45. Kf2 h4 46. Red3 hxg3+
47. Kxg3 Kg6 48. Kf3 Rc1 49. Ke3 Rc4 50. Rxd5 Bxd5 51. Rxd5 Rc3+ 52. Rd3 Rc1
53. Kd4 Rc4+ 54. Ke3 Kh5 55. Rd5 Rc3+ 56. Kd4 Rxa3 57. Rxf5+ Kg6 58. Rxb5 Rxh3
59. Re5 f6 60. Re3 Rh4 61. Rf3 Rh8 62. b5 Kf5 63. Kc5 Ke4 64. Rf1 Rc8+ 65. Kb6
Rb8+ 66. Kc6 Rc8+ 67. Kb7 Rc2 68. b6 f5 69. Ra1 Kxf4 70. Ka7 Ke3 71. b7 Rb2
1/2-1/2

[Event "Bad Woerishofen sen"]
[Site "?"]
[Date "2002.??.??"]
[Round "2"]
[White "Igney, Volkhard"]
[Black "Ottmann, Josef"]
[Result "1/2-1/2"]
[WhiteElo "2232"]
[BlackElo "1950"]
[Annotator "ChessOrg"]
[PlyCount "71"]
[EventDate "2002.??.??"]

1. d4 d6 2. c4 e5 3. e3 Nf6 4. Nf3 exd4 5. Nxd4 c6 6. Be2 d5 7. O-O Bd6 8. Nd2
O-O 9. b3 Nbd7 10. Qc2 Ne5 11. Bb2 dxc4 12. Nxc4 Nxc4 13. Bxc4 Qc7 14. h3 Re8
15. Bd3 Qe7 16. Rad1 h6 17. Nf3 Bc7 18. Bf5 Ne4 19. Bxc8 Raxc8 20. Rd3 Rcd8 21.
Rfd1 Rxd3 22. Rxd3 Rd8 23. Rxd8+ Bxd8 24. Be5 Ng5 25. Nxg5 hxg5 26. Qc3 f6 27.
Bb8 a6 28. Qc4+ Qf7 29. Qg4 Bb6 30. Qb4 Bc7 31. Bxc7 Qxc7 32. Qc4+ Kf8 33. Qe6
Qd8 34. e4 Qe7 35. Qc4 Qd6 36. g3 1/2-1/2

[Event "Bad Woerishofen sen"]
[Site "?"]
[Date "2002.??.??"]
[Round "2"]
[White "Niebling, Ferdinand"]
[Black "Bareth, Walter"]
[Result "1-0"]
[WhiteElo "2192"]
[BlackElo "1851"]
[Annotator "ChessOrg"]
[PlyCount "41"]
[EventDate "2002.??.??"]

1. e4 e6 2. d4 d5 3. Nd2 dxe4 4. Nxe4 Bd7 5. Nf3 Bc6 6. Bd3 Nd7 7. O-O Ngf6 8.
Ned2 Be7 9. Re1 O-O 10. Nc4 b6 11. Qe2 Re8 12. c3 Bb7 13. Bf4 Nf8 14. Nce5 a6
15. Rad1 Nd5 16. Bc1 Bf6 17. Ng4 Qc8 18. Nfe5 c5 19. c4 Nb4 20. Nxf6+ gxf6 21.
Qg4+ 1-0

[Event "Bad Woerishofen sen"]
[Site "?"]
[Date "2002.??.??"]
[Round "2"]
[White "Zunker, Reinhard"]
[Black "Claus, Joachim"]
[Result "1-0"]
[WhiteElo "2227"]
[BlackElo "1900"]
[Annotator "ChessOrg"]
[PlyCount "51"]
[EventDate "2002.??.??"]

1. e4 d5 2. exd5 Nf6 3. d4 Nxd5 4. Nf3 Bf5 5. a3 e6 6. c4 Nf6 7. Be2 Be7 8. Ne5
O-O 9. Nc3 Nbd7 10. g4 Bg6 11. g5 Ne8 12. Nxg6 fxg6 13. h4 Nd6 14. c5 Nf5 15.
Bc4 Kh8 16. Bxe6 Bxc5 17. Bxf5 Rxf5 18. dxc5 Qe7+ 19. Qe2 Re5 20. Be3 Nxc5 21.
O-O-O Qf7 22. Kb1 Qf5+ 23. Qc2 Qf3 24. h5 gxh5 25. Rh4 Qf7 26. Rdh1 1-0

[Event "Bad Woerishofen sen"]
[Site "?"]
[Date "2002.??.??"]
[Round "2"]
[White "Reinke, Kurt"]
[Black "Servaty, Rudolf"]
[Result "0-1"]
[WhiteElo "1920"]
[BlackElo "2201"]
[Annotator "ChessOrg"]
[PlyCount "89"]
[EventDate "2002.??.??"]

1. d4 Nf6 2. c4 c5 3. d5 e5 4. Bg5 d6 5. Nc3 Be7 6. e3 Nxd5 7. Qxd5 Bxg5 8. Rd1
Be7 9. Nb5 O-O 10. Ne2 Nc6 11. a3 Be6 12. Qd3 Na5 13. b3 Qb6 14. Nec3 a6 15.
Na4 Qd8 16. Nbc3 Nxb3 17. Rb1 Na5 18. Nb6 Rb8 19. Qe4 f5 20. Qc2 Qe8 21. Qd2
Nc6 22. Be2 Qf7 23. O-O Kh8 24. Ncd5 Bd8 25. Rfd1 Bxb6 26. Rxb6 Rbd8 27. Rdb1
Rd7 28. Qd1 f4 29. Bh5 g6 30. Bf3 fxe3 31. fxe3 Bxd5 32. cxd5 Nd8 33. e4 Qf4
34. Qe2 Qf6 35. a4 Rc7 36. Qc4 Qe7 37. Rf1 Rf6 38. a5 Qf8 39. Rfb1 h5 40. R6b3
Qh6 41. Qa4 Rcf7 42. Qe8+ Rf8 43. Qd7 Qd2 44. Qa4 g5 45. Rd1 0-1

[Event "Bad Woerishofen sen"]
[Site "?"]
[Date "2002.??.??"]
[Round "2"]
[White "Limberg, Siegfried"]
[Black "Fleckner, Hans"]
[Result "1-0"]
[WhiteElo "2111"]
[BlackElo "1845"]
[Annotator "ChessOrg"]
[PlyCount "41"]
[EventDate "2002.??.??"]

1. d4 Nf6 2. Nf3 e6 3. e3 c5 4. Bd3 d5 5. c3 Nc6 6. Nbd2 Bd6 7. O-O O-O 8. Qe2
Qc7 9. dxc5 Bxc5 10. e4 dxe4 11. Nxe4 Be7 12. Bg5 Nxe4 13. Qxe4 g6 14. Qh4 Bxg5
15. Nxg5 f6 16. Ne4 Kg7 17. Rfe1 Ne5 18. Rad1 Nxd3 19. Rxd3 e5 20. g4 Bxg4 21.
Qxg4 1-0

[Event "Bad Woerishofen sen"]
[Site "?"]
[Date "2002.??.??"]
[Round "2"]
[White "Leschhorn, Heinrich"]
[Black "Goy, Udo"]
[Result "0-1"]
[WhiteElo "1875"]
[BlackElo "2191"]
[Annotator "ChessOrg"]
[PlyCount "84"]
[EventDate "2002.??.??"]

1. Nf3 g6 2. c4 Bg7 3. g3 Nf6 4. Bg2 O-O 5. O-O d5 6. Na3 c6 7. d3 h6 8. Rb1
Nbd7 9. b4 e5 10. Bb2 Re8 11. Re1 Qe7 12. b5 e4 13. dxe4 dxe4 14. Nd4 c5 15.
Ndc2 b6 16. Ne3 Bb7 17. Qc2 Ne5 18. Bxe5 Qxe5 19. Rbd1 h5 20. f4 exf3 21. exf3
Rad8 22. f4 Qc7 23. Rxd8 Rxd8 24. Bxb7 Qxb7 25. Rd1 Rxd1+ 26. Qxd1 Qe4 27. Nac2
Kh7 28. h3 h4 29. gxh4 Qxf4 30. Qe1 Nh5 31. Qf2 Qc7 32. Nd5 Qd7 33. Qf3 Qe6 34.
Kg2 f5 35. Qe3 Qd6 36. Qf3 Qe5 37. Qe3 Qb2 38. Qb3 Qc1 39. Qd3 Qb1 40. Qb3 Qd1
41. Nce3 Qe2+ 42. Kg1 Bd4 0-1

[Event "Bad Woerishofen sen"]
[Site "?"]
[Date "2002.??.??"]
[Round "2"]
[White "Fels, Karl-Heinz"]
[Black "Schmid, Herrmann"]
[Result "0-1"]
[WhiteElo "1850"]
[BlackElo "2169"]
[Annotator "ChessOrg"]
[PlyCount "100"]
[EventDate "2002.??.??"]

1. e4 c6 2. d4 d5 3. exd5 cxd5 4. c4 Nf6 5. Nc3 g6 6. c5 Bg7 7. Bb5+ Bd7 8. Be3
O-O 9. Nge2 Bxb5 10. Nxb5 Nc6 11. O-O Qd7 12. Nbc3 Rad8 13. Qd2 Rfe8 14. Rad1
e5 15. a3 exd4 16. Nxd4 Ne4 17. Nxe4 dxe4 18. Nxc6 Qxd2 19. Rxd2 Rxd2 20. Bxd2
bxc6 21. b4 Rd8 22. Bc1 f5 23. g3 Kf7 24. Be3 a6 25. Rb1 Ke6 26. Kf1 Be5 27.
Ke2 Bc7 28. h4 Rd3 29. a4 Rd8 30. b5 cxb5 31. axb5 axb5 32. Rxb5 Rb8 33. Rxb8
Bxb8 34. Kd2 Be5 35. Kc2 Kd5 36. Kb3 f4 37. gxf4 Bf6 38. Kb4 Bxh4 39. Kb5 Bd8
40. f5 gxf5 41. Bf4 h5 42. c6 h4 43. c7 Bxc7 44. Bxc7 Kd4 45. Kc6 e3 46. fxe3+
Kxe3 47. Kd5 h3 48. Bh2 f4 49. Ke5 f3 50. Bf4+ Ke2 0-1

[Event "Bad Woerishofen sen"]
[Site "?"]
[Date "2002.??.??"]
[Round "2"]
[White "Rueggeberg, Wilhelm"]
[Black "Gretzer, Otmar"]
[Result "0-1"]
[WhiteElo "1851"]
[BlackElo "2174"]
[Annotator "ChessOrg"]
[PlyCount "124"]
[EventDate "2002.??.??"]

1. d4 d5 2. c4 c6 3. Nc3 Nf6 4. e3 e6 5. Nf3 Be7 6. Bd2 O-O 7. cxd5 cxd5 8. Rc1
Nc6 9. Bd3 Bd7 10. O-O Rc8 11. a3 Bd6 12. b4 Ne7 13. h3 Ng6 14. Qe2 Bb8 15.
Bxg6 hxg6 16. Ne5 Qe7 17. f4 Rfd8 18. Rfd1 a6 19. Be1 Ne4 20. Nxe4 dxe4 21.
Nxd7 Qxd7 22. Qg4 Qa4 23. Rxc8 Rxc8 24. Ra1 Qb3 25. Bd2 Qb2 26. Qd1 Bd6 27. Rc1
Rd8 28. Rc3 Qa2 29. Qc2 Qd5 30. Rc8 Be7 31. Rxd8+ Bxd8 32. Qc8 Kh7 33. Qc2 Bh4
34. Kh2 f5 35. g3 Bf6 36. h4 Qb5 37. Bc3 Qf1 38. Qg2 Qc1 39. Qd2 Qxa3 40. Kg2
Qb3 41. Kf2 Kh6 42. Kg2 Kh7 43. Kf2 Kg8 44. Ke2 Be7 45. Kf2 Kf7 46. Kg2 Ke8 47.
Kh3 Qc4 48. Kg2 Kd7 49. Kf2 Kc6 50. Qb2 Bd8 51. d5+ exd5 52. Bxg7 Be7 53. Qe5
Bxb4 54. Qe8+ Kb6 55. Bd4+ Ka5 56. Qxg6 Qc2+ 57. Kf1 Qd1+ 58. Kg2 Qe2+ 59. Kh1
Be1 60. h5 Bf2 61. Kh2 Qf1 62. Bb6+ Kb5 0-1

[Event "Bad Woerishofen sen"]
[Site "?"]
[Date "2002.??.??"]
[Round "2"]
[White "Richter, Gerhard"]
[Black "Schlag, Franz"]
[Result "1/2-1/2"]
[WhiteElo "1849"]
[BlackElo "2147"]
[Annotator "ChessOrg"]
[PlyCount "43"]
[EventDate "2002.??.??"]

1. e4 Nc6 2. Nf3 f5 3. e5 d6 4. Bb5 e6 5. d4 a6 6. Bxc6+ bxc6 7. Nc3 a5 8. O-O
d5 9. Ne2 Be7 10. Qd2 Nh6 11. Ng5 Bxg5 12. Qxg5 Qxg5 13. Bxg5 Nf7 14. Bd2 Ba6
15. Rfe1 Bxe2 16. Rxe2 g5 17. f4 h6 18. Rc1 Kd7 19. c4 Rhb8 20. b3 gxf4 21.
cxd5 cxd5 22. Bxf4 1/2-1/2

[Event "Bad Woerishofen sen"]
[Site "?"]
[Date "2002.??.??"]
[Round "2"]
[White "Minz, Michail"]
[Black "Storkebaum, Karl-Heinz"]
[Result "0-1"]
[WhiteElo "2133"]
[BlackElo "1848"]
[Annotator "ChessOrg"]
[PlyCount "97"]
[EventDate "2002.??.??"]

1. e4 c5 2. Nc3 Nc6 3. g3 g6 4. Bg2 Bg7 5. d3 e6 6. Be3 d6 7. Qd2 Rb8 8. f4 b5
9. Nf3 b4 10. Nd1 Nge7 11. O-O O-O 12. d4 cxd4 13. Nxd4 Nxd4 14. Bxd4 Bxd4+ 15.
Qxd4 Qb6 16. Qxb6 Rxb6 17. Ne3 Ba6 18. Rfd1 Rc8 19. a3 b3 20. c3 f5 21. exf5
gxf5 22. Rd4 d5 23. Rb4 Nc6 24. Rxb6 axb6 25. Rd1 Kf7 26. Bf3 Ke7 27. Rd2 Na5
28. Kf2 Nc4 29. Nxc4 Bxc4 30. Ke3 Rg8 31. Be2 Rc8 32. Rd4 b5 33. Rd1 Kd6 34.
Bxc4 Rxc4 35. h3 h5 36. Rd4 e5 37. fxe5+ Kxe5 38. Rf4 Re4+ 39. Kf3 d4 40. cxd4+
Rxd4 41. Ke3 Rxf4 42. gxf4+ Kd5 43. Kd3 h4 44. Kc3 Ke4 45. Kxb3 Kxf4 46. a4
bxa4+ 47. Kxa4 Ke3 48. b4 f4 49. b5 0-1

[Event "Bad Woerishofen sen"]
[Site "?"]
[Date "2002.??.??"]
[Round "2"]
[White "Scheerer, Helmut"]
[Black "Hein, Manfred"]
[Result "1/2-1/2"]
[WhiteElo "1846"]
[BlackElo "2107"]
[Annotator "ChessOrg"]
[PlyCount "101"]
[EventDate "2002.??.??"]

1. e4 Nf6 2. e5 Nd5 3. Nf3 d6 4. Bc4 c6 5. d4 Bg4 6. O-O e6 7. h3 Bh5 8. Nbd2
Be7 9. Ne4 Nb6 10. exd6 Nxc4 11. dxe7 Qxe7 12. Ng3 Bxf3 13. Qxf3 O-O 14. b3 Nb6
15. c4 N8d7 16. Ne4 Rfe8 17. c5 Nc8 18. Re1 Nf8 19. Bf4 Ng6 20. Bg3 Qd8 21. Qc3
Re7 22. Ng5 Rd7 23. Nf3 Nce7 24. Rad1 Nf5 25. Be5 Rd5 26. Re4 Qd7 27. g4 Nfh4
28. Bd6 Nxf3+ 29. Qxf3 Rd8 30. Rde1 Ne7 31. Qg3 Nc8 32. Bc7 Re8 33. Qf4 Re7 34.
Bb8 Qd8 35. Qe3 Red7 36. Be5 h6 37. b4 Ne7 38. Bd6 Rg5 39. Bxe7 Rxe7 40. f4 Rg6
41. Kh2 Qd5 42. a3 Rd7 43. Re2 Rd8 44. Rd2 Qd7 45. Re5 Qc7 46. Kg2 Rd7 47. Kf3
Rf6 48. Ke2 Kf8 49. Qe4 Qd8 50. h4 Rd5 51. Ke3 1/2-1/2

[Event "Bad Woerishofen sen"]
[Site "?"]
[Date "2002.??.??"]
[Round "2"]
[White "Potthammel, Joerg"]
[Black "Josting, Friedel"]
[Result "1/2-1/2"]
[WhiteElo "2073"]
[BlackElo "1840"]
[Annotator "ChessOrg"]
[PlyCount "36"]
[EventDate "2002.??.??"]

1. e4 c5 2. Nf3 Nc6 3. d4 cxd4 4. Nxd4 e6 5. Nxc6 bxc6 6. Bd3 Nf6 7. O-O d5 8.
Nd2 Be7 9. c4 O-O 10. e5 Nd7 11. Qe2 Rb8 12. f4 Nc5 13. Bc2 g6 14. b3 dxc4 15.
Bb2 Ba6 16. Nxc4 Qc7 17. Rad1 Na4 18. Ba1 Nb6 1/2-1/2

[Event "Bad Woerishofen sen"]
[Site "?"]
[Date "2002.??.??"]
[Round "2"]
[White "Herzel, Alois"]
[Black "Thielemann, Joachim"]
[Result "0-1"]
[WhiteElo "1844"]
[BlackElo "2073"]
[Annotator "ChessOrg"]
[PlyCount "101"]
[EventDate "2002.??.??"]

1. d4 d5 2. c4 c6 3. Nf3 Nf6 4. Nc3 e6 5. e3 b6 6. cxd5 cxd5 7. Bd3 g6 8. O-O
Bg7 9. Bb5+ Bd7 10. Qe2 O-O 11. Bxd7 Nbxd7 12. Bd2 Qe7 13. Rfc1 Rfc8 14. Nb5
Ne4 15. Rxc8+ Rxc8 16. Nxa7 Rc2 17. Qd3 Rxb2 18. Nb5 Ndf6 19. h3 Nxd2 20. Nxd2
Qb4 21. Nb3 Ne4 22. f3 Ng3 23. Kh2 Nf5 24. Nc3 Nh4 25. Nd2 Qd6+ 26. f4 g5 27.
Nd1 Rb4 28. g3 gxf4 29. gxf4 e5 30. a3 Ra4 31. Kg3 exd4 32. e4 Qg6+ 33. Kf2
Qg2+ 34. Ke1 dxe4 35. Qxe4 Qxe4+ 36. Nxe4 Ng2+ 37. Kd2 Nxf4 38. Ndf2 d3 39. Ra2
Bf8 40. Nf6+ Kg7 41. Ne8+ Kg6 42. Nc7 Rxa3 43. Rxa3 Bxa3 44. Nb5 Bb4+ 45. Kd1
Bc5 46. Ne4 Nxh3 47. Nxc5 bxc5 48. Kd2 Nf2 49. Ke3 d2 50. Kxd2 Ne4+ 51. Ke3 0-1

[Event "Bad Woerishofen sen"]
[Site "?"]
[Date "2002.??.??"]
[Round "2"]
[White "Rahn, Oskar"]
[Black "Marzluf, Dieter"]
[Result "1-0"]
[WhiteElo "2060"]
[BlackElo "1831"]
[Annotator "ChessOrg"]
[PlyCount "111"]
[EventDate "2002.??.??"]

1. d4 e6 2. c4 c5 3. e3 Nf6 4. Nc3 d5 5. Nf3 Nc6 6. cxd5 exd5 7. Bb5 Be6 8. O-O
a6 9. Bxc6+ bxc6 10. Ne5 Bd7 11. Nxd7 Qxd7 12. Na4 Qa7 13. Qc2 Nd7 14. e4 Rc8
15. Re1 Kd8 16. Bd2 a5 17. exd5 cxd5 18. Qf5 Nf6 19. dxc5 Be7 20. Rac1 g6 21.
Qe5 Re8 22. Bg5 Rc6 23. Bxf6 Rxf6 24. Qxd5+ Bd6 25. Rxe8+ Kxe8 26. Qc6+ Kf8 27.
Kh1 Be5 28. Qd5 Qc7 29. Nb6 Rxb6 30. b3 Rc6 31. Rc4 Bf6 32. g3 Be7 33. Re4 f6
34. b4 axb4 35. Rxb4 Rxc5 36. Qa8+ Qc8 37. Rb8 Qxb8 38. Qxb8+ Kf7 39. a4 Ra5
40. Qb3+ Kf8 41. Kg2 Rf5 42. f3 Re5 43. f4 Rc5 44. Kf3 f5 45. Ke3 Bf6 46. Qe6
Rc3+ 47. Kd2 Kg7 48. Qxf6+ Kxf6 49. Kxc3 Ke6 50. Kd4 Kd6 51. a5 h6 52. a6 Kc6
53. Ke5 Kb6 54. Kf6 Kxa6 55. Kxg6 Kb6 56. Kxf5 1-0

[Event "Bad Woerishofen sen"]
[Site "?"]
[Date "2002.??.??"]
[Round "2"]
[White "Aigner, Georg"]
[Black "Geissler, Dieter"]
[Result "1-0"]
[WhiteElo "1830"]
[BlackElo "2058"]
[Annotator "ChessOrg"]
[PlyCount "155"]
[EventDate "2002.??.??"]

1. e4 e5 2. Nf3 Nc6 3. d4 exd4 4. Nxd4 d6 5. Be3 Bd7 6. Be2 Nf6 7. Nd2 Be7 8.
c3 O-O 9. O-O Ne5 10. h3 c5 11. Nc2 Qc7 12. Bg5 h6 13. Bh4 Bc6 14. f3 Ng6 15.
Bg3 Nh5 16. Bh2 Nhf4 17. Ne3 Bg5 18. Ng4 Rae8 19. Bc4 b5 20. Bb3 c4 21. Bc2 h5
22. Nf2 h4 23. Re1 Re6 24. Nf1 Qb6 25. Qd4 Qc7 26. Ne3 Rfe8 27. Rad1 Ne5 28.
Nf5 Rd8 29. Ng4 Rg6 30. Bxf4 Bxf4 31. Nxe5 Bxe5 32. Qe3 Bg3 33. Nxg3 Rxg3 34.
Re2 g5 35. Red2 Qe7 36. Qd4 Qb7 37. Qf6 Qb6+ 38. Kf1 Be8 39. Rxd6 Rxd6 40. Qxd6
Qe3 41. Qd2 Qf4 42. Qxf4 gxf4 43. Rd8 Kf8 44. Kf2 Rg6 45. Bd1 Ke7 46. Rd5 Rd6
47. Rd4 f6 48. Be2 Rb6 49. Rd2 Bf7 50. Ke1 a5 51. Kd1 a4 52. Kc1 Ra6 53. Bd1
Rc6 54. Re2 Kd6 55. Kc2 Ra6 56. Rd2+ Ke7 57. Kb1 Rc6 58. Be2 Rc5 59. Bd1 Rc7
60. b3 cxb3 61. axb3 Rxc3 62. Kb2 Rc5 63. bxa4 bxa4 64. Bxa4 Be6 65. Rc2 Rg5
66. Bb3 Bd7 67. Bc4 Ba4 68. Rd2 Bd7 69. Kc3 Be6 70. Bf1 Rc5+ 71. Kd4 Rc1 72.
Bd3 Ra1 73. Rb2 Ra4+ 74. Kc5 Ra3 75. Rb7+ Kf8 76. Bb5 Ra2 77. Kd6 Bf7 78. Rxf7+
1-0

[Event "Bad Woerishofen sen"]
[Site "?"]
[Date "2002.??.??"]
[Round "2"]
[White "Dryzek, Tadeusz"]
[Black "Czeitschner, Roland"]
[Result "0-1"]
[WhiteElo "2057"]
[BlackElo "1825"]
[Annotator "ChessOrg"]
[PlyCount "90"]
[EventDate "2002.??.??"]

1. d4 Nf6 2. Nf3 g6 3. g3 Bg7 4. Bg2 O-O 5. c4 c6 6. O-O d5 7. b3 Bf5 8. Bb2
Nbd7 9. Nbd2 Re8 10. Nh4 Be6 11. e4 Nxe4 12. Nxe4 dxe4 13. Bxe4 Bh3 14. Re1 Nf6
15. Bf3 Qd7 16. Qc1 Rad8 17. Ng2 Bg4 18. Qf4 Bxf3 19. Qxf3 Qg4 20. Qe2 Qxe2 21.
Rxe2 Ng4 22. h3 Nh6 23. Rd1 e6 24. g4 Re7 25. Nh4 Red7 26. Nf3 c5 27. Red2 cxd4
28. Bxd4 Bxd4 29. Rxd4 Rxd4 30. Nxd4 e5 31. Kf1 Rxd4 32. Rxd4 exd4 33. Ke2 f5
34. g5 Nf7 35. f4 Nd8 36. c5 Ne6 37. Kd3 Kf7 38. b4 Nxf4+ 39. Kxd4 Ke6 40. a4
Nxh3 41. b5 f4 42. a5 Kd7 43. Ke4 Nxg5+ 44. Kd5 f3 45. a6 bxa6 0-1

[Event "Bad Woerishofen sen"]
[Site "?"]
[Date "2002.??.??"]
[Round "2"]
[White "Plasswich, Heribert"]
[Black "Moeckel, Edgar"]
[Result "0-1"]
[WhiteElo "1819"]
[BlackElo "2049"]
[Annotator "ChessOrg"]
[PlyCount "114"]
[EventDate "2002.??.??"]

1. e4 c6 2. Nc3 d5 3. d3 d4 4. Nce2 e5 5. Ng3 g6 6. Be2 Bg7 7. f4 Nd7 8. Nf3 c5
9. O-O Ne7 10. fxe5 Nxe5 11. Nxe5 Bxe5 12. Bh6 Nc6 13. Qd2 Be6 14. Rf2 Qc7 15.
Raf1 O-O-O 16. Bg5 Rde8 17. Bf6 Bxf6 18. Rxf6 h5 19. Qg5 Qe5 20. Qxe5 Nxe5 21.
c3 dxc3 22. bxc3 Rd8 23. Rd1 Nc6 24. a3 Rd7 25. h3 Rhd8 26. Rf3 Ne5 27. Re3 Bb3
28. Rb1 Bc2 29. Rb5 Nxd3 30. Bxd3 Rxd3 31. Rxc5+ Kb8 32. Rxd3 Rxd3 33. Nf1 b6
34. Re5 Rxc3 35. Re8+ Kb7 36. Nd2 Ba4 37. Re7+ Rc7 38. Rxc7+ Kxc7 39. Kf2 Kc6
40. Ke3 Kc5 41. g4 hxg4 42. hxg4 Bd7 43. Kf4 Kd4 44. Nf3+ Kc5 45. Ng5 Be8 46.
Ke5 b5 47. Kf6 a5 48. Nxf7 b4 49. axb4+ axb4 50. Ne5 Bb5 51. Nf3 b3 52. Nd2 b2
53. Ke5 Bd3 54. Kf6 Kd4 55. e5 Ke3 56. e6 Kxd2 57. e7 Bb5 0-1

[Event "Bad Woerishofen sen"]
[Site "?"]
[Date "2002.??.??"]
[Round "2"]
[White "Neumann, Erwin"]
[Black "Ziltener, Werner"]
[Result "1/2-1/2"]
[WhiteElo "1810"]
[BlackElo "2045"]
[Annotator "ChessOrg"]
[PlyCount "51"]
[EventDate "2002.??.??"]

1. e4 e5 2. d4 Nc6 3. Nf3 exd4 4. Bc4 Nf6 5. e5 Ne4 6. O-O Be7 7. c3 d5 8. exd6
Nxd6 9. Bb3 dxc3 10. Nxc3 O-O 11. h3 h6 12. Bf4 Bf5 13. Rc1 Nb4 14. Ne5 Bf6 15.
Qf3 Be6 16. Ne4 Bxe5 17. Bxe5 Bxb3 18. Qg3 Nf5 19. Qxb3 Nc6 20. Bc3 Ncd4 21.
Qd1 Qd5 22. Qg4 Kh7 23. Rcd1 c5 24. Nxc5 Qxc5 25. Bxd4 Nxd4 26. Qxd4 1/2-1/2

[Event "Bad Woerishofen sen"]
[Site "?"]
[Date "2002.??.??"]
[Round "2"]
[White "Escher, Helmut"]
[Black "Peierl, Wolter"]
[Result "1/2-1/2"]
[WhiteElo "2030"]
[BlackElo "1745"]
[Annotator "ChessOrg"]
[PlyCount "38"]
[EventDate "2002.??.??"]

1. d4 f5 2. Nf3 Nf6 3. c4 g6 4. Nc3 Bg7 5. e3 O-O 6. Bd2 d6 7. d5 c6 8. Rb1 Ne4
9. Bd3 Nxd2 10. Qxd2 e5 11. dxe6 Bxe6 12. O-O Nd7 13. Rfd1 Ne5 14. Nxe5 dxe5
15. Qc2 Qe7 16. a3 Qf7 17. b3 Qf6 18. Bf1 Qe7 19. a4 a5 1/2-1/2

[Event "Bad Woerishofen sen"]
[Site "?"]
[Date "2002.??.??"]
[Round "2"]
[White "von Hoesslin, Holger"]
[Black "Michalowski, Richard"]
[Result "1/2-1/2"]
[WhiteElo "1790"]
[BlackElo "1599"]
[Annotator "ChessOrg"]
[PlyCount "69"]
[EventDate "2002.??.??"]

1. e4 d5 2. Nc3 d4 3. Nce2 c5 4. Ng3 Nc6 5. Bb5 g6 6. d3 Qa5+ 7. Bd2 Qxb5 8. f4
Bg7 9. Nf3 e6 10. O-O Nge7 11. e5 O-O 12. Ne4 Qb6 13. Qe1 a5 14. g4 Nd5 15. Qh4
f6 16. exf6 Nxf6 17. Rae1 Bd7 18. Nfg5 h6 19. Nxf6+ Rxf6 20. Ne4 Rff8 21. g5
Qd8 22. Nxc5 hxg5 23. fxg5 Rxf1+ 24. Rxf1 b6 25. Ne4 Be8 26. Nf6+ Bxf6 27. gxf6
Ra7 28. Bg5 Qd5 29. Re1 Rh7 30. Qg4 Bf7 31. Re4 Qd6 32. Bf4 Qd7 33. Bg3 Rh5 34.
Bf2 Qd6 35. Bg3 1/2-1/2

[Event "Bad Woerishofen sen"]
[Site "?"]
[Date "2002.??.??"]
[Round "2"]
[White "Mantzouneas, Nikolaos"]
[Black "Vorderbruegge, Franz-Josef"]
[Result "1-0"]
[WhiteElo "2017"]
[BlackElo "1679"]
[Annotator "ChessOrg"]
[PlyCount "109"]
[EventDate "2002.??.??"]

1. d4 d5 2. Nf3 Nf6 3. c4 c6 4. e3 Bf5 5. Nc3 e6 6. cxd5 exd5 7. Be2 Bd6 8. h3
h6 9. Bd2 Nbd7 10. a3 O-O 11. b4 a6 12. Na4 Ne4 13. Nc5 Nxd2 14. Qxd2 Nxc5 15.
bxc5 Bc7 16. O-O Rb8 17. Bd3 Bd7 18. Ne5 Bxe5 19. dxe5 Qe7 20. Qc3 f6 21. exf6
Rxf6 22. Rab1 Rff8 23. Rb2 Qg5 24. f4 Qe7 25. Kh1 Rfe8 26. Rf3 Rf8 27. g4 Qh4
28. f5 Qg5 29. Rf4 Qe7 30. Bf1 Qf6 31. Qxf6 gxf6 32. Rfb4 b5 33. cxb6 c5 34.
R4b3 c4 35. Rc3 Ba4 36. e4 Bc6 37. Kg1 Rfc8 38. exd5 Bxd5 39. Rd2 Bf7 40. Rd6
Kg7 41. Bg2 Be8 42. b7 Rd8 43. Rxd8 Rxd8 44. Rxc4 Rd1+ 45. Kf2 Rd2+ 46. Ke3 Rb2
47. Rc7+ Kf8 48. Rc8 Rb3+ 49. Kf2 Rb2+ 50. Kg3 Rb3+ 51. Kh4 Rxb7 52. Bxb7 Ke7
53. Rxe8+ Kxe8 54. Bxa6 Kd7 55. Kh5 1-0

[Event "Bad Woerishofen sen"]
[Site "?"]
[Date "2002.??.??"]
[Round "2"]
[White "Hennige, Anneliese"]
[Black "Kuehn, Peter"]
[Result "0-1"]
[WhiteElo "1163"]
[BlackElo "2013"]
[Annotator "ChessOrg"]
[PlyCount "54"]
[EventDate "2002.??.??"]

1. e4 c5 2. Nf3 e6 3. d4 cxd4 4. Nxd4 Nf6 5. Bd3 Nc6 6. c3 Be7 7. O-O d6 8. Be3
Bd7 9. Qe2 Ne5 10. f3 Nxd3 11. Qxd3 a6 12. a4 O-O 13. Nd2 Qc7 14. N4b3 Rac8 15.
a5 Bb5 16. c4 Bxc4 17. Nxc4 Qxc4 18. Qxc4 Rxc4 19. Nd2 Rc2 20. Rab1 d5 21. e5
Nd7 22. Bf4 g5 23. Be3 d4 24. Ne4 dxe3 25. Nf6+ Nxf6 26. exf6 Bxf6 27. Rfc1
Rfc8 0-1